The little girl and the big bear / (Record no. 7132)

MARC details
000 -LEADER
fixed length control field 01542nam a22002657a 4500
001 - CONTROL NUMBER
control field 7132
003 - CONTROL NUMBER IDENTIFIER
control field FISKH
005 - DATE AND TIME OF LATEST TRANSACTION
control field 20250626104646.0
008 - FIXED-LENGTH DATA ELEMENTS--GENERAL INFORMATION
fixed length control field 250625b cb ||||| |||| 00| 0 eng d
020 ## - INTERNATIONAL STANDARD BOOK NUMBER
International Standard Book Number 9788956355177
040 ## - CATALOGING SOURCE
Original cataloging agency FISKH
Language of cataloging eng
Transcribing agency FISKH
Modifying agency FISKH
050 ## - LIBRARY OF CONGRESS CALL NUMBER
Classification number PZ7
100 ## - MAIN ENTRY--PERSONAL NAME
Personal name Sormark, Julie
245 ## - TITLE STATEMENT
Title The little girl and the big bear /
Statement of responsibility, etc. Retold by Julie Sormark : through the Art style of James Abbot McNeill Shistler
260 ## - PUBLICATION, DISTRIBUTION, ETC.
Place of publication, distribution, etc. Seoul :
Name of publisher, distributor, etc. e-future ,
Date of publication, distribution, etc. 2010.
300 ## - PHYSICAL DESCRIPTION
Extent 35 pages :
Other physical details color illustrations ;
Dimensions 23 cm.
490 ## - SERIES STATEMENT
Series statement Art classic stories
505 ## - FORMATTED CONTENTS NOTE
Formatted contents note J <br/>
520 ## - SUMMARY, ETC.
Summary, etc. Poor Alicia lived with her sick mother in a house made of brick.<br/>One day, she went outside to get water for her mom, but she couldn’t find any water anywhere. She felt lost and sad.<br/>Tired, she lay down and fell asleep. When she woke up, she was surprised to see clean water nearby.<br/><br/>Unluckily, she spilled the water on the way back. But to her amazement, the container was suddenly full again!<br/>She brought the water to her mother and gave it to her.<br/><br/>Then, an old man appeared and asked for some water. Alicia kindly gave it to him.<br/>After drinking, the old man smiled and placed a stone in the water.<br/><br/>The shiny stone began to glow, and soon, rain started to fall from the sky.<br/>Alicia smiled with joy as the rain brought hope and life back to her world.
521 8# - TARGET AUDIENCE NOTE
Target audience note 500 <br/>
Source Lexile estimate <br/>
521 8# - TARGET AUDIENCE NOTE
Target audience note J <br/>
Source Raz-Plus <br/>
700 ## - ADDED ENTRY--PERSONAL NAME
Personal name Choi, Yeongbin
Relator term Illustrator
942 ## - ADDED ENTRY ELEMENTS (KOHA)
Source of classification or shelving scheme Dewey Decimal Classification
Koha item type Books
Suppress in OPAC No
Holdings
Withdrawn status Lost status Source of classification or shelving scheme Damaged status Not for loan Collection Home library Current library Shelving location Date acquired Total Checkouts Full call number Barcode Date last seen Price effective from Koha item type
    Dewey Decimal Classification     Juvenile Fiction Footprints International School Library Network Toul Tom Poung Campus Footprints International School Library Network Toul Tom Poung Campus TTP Primary Dark Blue Bookshelves 06/25/2025   SOR PZ7 FISBK07194 06/25/2025 06/25/2025 Books